National Football Team Of The Year - Hard Version - Statistics

General Stats
  • This quiz has been taken 40 times
    23 since last reset
  • The average score is 67 of 220
Answer Stats
Year Nation % Correct
2022 France
100%
2022 Argentina
95%
2022 Japan
90%
2022 United States
90%
2022 Morocco
85%
2022 New Zealand
80%
2020 France
75%
2021 Italy
75%
2021 Argentina
70%
2021 Japan
70%
2021 New Zealand
70%
2020 Brazil
65%
2020 Mexico
65%
2020 New Zealand
65%
2019 Portugal
65%
2021 Senegal
65%
2020 South Korea
65%
2021 United States
65%
2019 Brazil
60%
2018 France
60%
2019 Mexico
60%
2019 New Zealand
55%
2020 Algeria
50%
2019 Algeria
45%
2018 Brazil
45%
2017 Germany
45%
2018 Japan
45%
2018 Mexico
45%
2018 New Zealand
45%
2019 Qatar
45%
2017 Brazil
40%
2014 Germany
40%
2017 Mexico
40%
2016 Portugal
40%
2017 Spain
40%
2014 Argentina
35%
2013 Brazil
35%
2015 Chile
35%
2016 Chile
35%
2017 Egypt
35%
2002 Germany
35%
2011 Germany
35%
2013 Germany
35%
2017 Iran
35%
2006 Italy
35%
2014 Japan
35%
2015 Mexico
35%
2002 New Zealand
35%
2006 New Zealand
35%
2008 New Zealand
35%
2009 New Zealand
35%
2010 New Zealand
35%
2012 New Zealand
35%
2013 New Zealand
35%
2016 New Zealand
35%
2017 New Zealand
35%
2008 Spain
35%
2009 Spain
35%
2010 Spain
35%
2014 Algeria
30%
2000 Argentina
30%
2001 Argentina
30%
2003 Argentina
30%
2012 Argentina
30%
1992 Brazil
30%
1994 Brazil
30%
1995 Brazil
30%
1997 Brazil
30%
2002 Brazil
30%
2004 Brazil
30%
2005 Brazil
30%
2006 Brazil
30%
2007 Brazil
30%
2009 Brazil
30%
2014 Costa Rica
30%
2016 Costa Rica
30%
2005 England
30%
2015 England
30%
1998 France
30%
2000 France
30%
1993 Germany
30%
1996 Germany
30%
2004 Greece
30%
1959 Hungary
30%
2016 Iran
30%
1982 Italy
30%
1994 Italy
30%
2015 Ivory Coast
30%
1992 Mexico
30%
1993 Mexico
30%
1996 Mexico
30%
1997 Mexico
30%
1998 Mexico
30%
1999 Mexico
30%
2003 Mexico
30%
2006 Mexico
30%
2010 Mexico
30%
2011 Mexico
30%
2013 Nigeria
30%
2001 Spain
30%
2007 Spain
30%
2012 Spain
30%
2013 Spain
30%
1994 United States
30%
1995 United States
30%
2000 United States
30%
2002 United States
30%
2004 United States
30%
2005 United States
30%
2007 United States
30%
2008 United States
30%
2009 United States
30%
2013 United States
30%
2010 Uruguay
30%
2011 Uruguay
30%
2009 Algeria
25%
2003 Australia
25%
2004 Australia
25%
2005 Australia
25%
1998 Brazil
25%
1999 Brazil
25%
1993 Colombia
25%
2001 Costa Rica
25%
1992 Denmark
25%
2008 Egypt
25%
1966 England
25%
1984 France
25%
2006 Ghana
25%
2010 Ghana
25%
2011 Ghana
25%
2013 Iran
25%
1970 Italy
25%
1973 Italy
25%
1992 Ivory Coast
25%
2012 Ivory Coast
25%
2004 Japan
25%
2005 Japan
25%
2011 Japan
25%
2012 Japan
25%
2012 Mexico
25%
1988 Netherlands
25%
1993 Nigeria
25%
1994 Nigeria
25%
2008 Paraguay
25%
1996 South Africa
25%
1997 South Korea
25%
2002 South Korea
25%
2010 South Korea
25%
1960 Soviet Union
25%
1964 Spain
25%
1995 Tunisia
25%
2004 Tunisia
25%
1980 Algeria
20%
1982 Algeria
20%
2015 Australia
20%
2000 Cameroon
20%
2003 Cameroon
20%
1996 Colombia
20%
1998 Egypt
20%
1969 England
20%
1971 England
20%
1974 England
20%
1987 England
20%
1991 France
20%
1983 Ghana
20%
1964 Hungary
20%
1998 Iran
20%
2000 Japan
20%
2001 Japan
20%
1974 Netherlands
20%
1978 Netherlands
20%
2007 New Caledonia
20%
2011 New Caledonia
20%
1992 Nigeria
20%
2001 Senegal
20%
2002 Senegal
20%
2007 Senegal
20%
1967 Soviet Union
20%
1971 Soviet Union
20%
1986 Spain
20%
1995 Spain
20%
1997 Spain
20%
1999 Tunisia
20%
2005 Tunisia
20%
1991 United States
20%
1972 West Germany
20%
1976 West Germany
20%
1980 West Germany
20%
1990 West Germany
20%
1979 Yugoslavia
20%
1981 Algeria
15%
2006 Australia
15%
2008 Australia
15%
2009 Australia
15%
1984 Cameroon
15%
1987 Cameroon
15%
1988 Cameroon
15%
1962 Czechoslovakia
15%
1975 Czechoslovakia
15%
2003 Czech Republic
15%
1965 England
15%
2007 Iraq
15%
1989 Netherlands
15%
1985 Soviet Union
15%
1963 Sweden
15%
1994 Sweden
15%
2015 Tahiti
15%
1977 West Germany
15%
1981 West Germany
15%
1961 Austria
10%
1983 Denmark
10%
1985 Morocco
10%
1986 Morocco
10%
1997 Morocco
10%
1968 West Germany
10%
2018 Mauritania
5%
1999 Norway
5%
2003 Oman
5%
1999 Uzbekistan
5%
2016 Uganda
0%
No matching quizzes found
Score Distribution
Percent of People with Each Score
Percentile by Number Answered
Your Score History
You have not taken this quiz since the last reset